Deontología jurídica : la ética en el ser y quehacer del abogado /

Gespeichert in:
Bibliographische Detailangaben
1. Verfasser: Pérez Valera, Víctor Manuel (autor)
Format: Buch
Sprache:Spanisch
Veröffentlicht: México : Oxford University, 2002, c2002
Tags: Tag hinzufügen
Keine Tags, Fügen Sie das erste Tag hinzu!

MARC

LEADER 00000nam^a2200000^a^4500
001 000622999
005 20251023000000.0
009 20260310133929.09
020 |a 970-613-691-6 
037 |a Acervo Xavier Clavigero 
041 |a ESP 
091 |a FHG. 00078 
100 |a Pérez Valera, Víctor Manuel  |e (autor) 
245 1 0 |a Deontología jurídica :  |b la ética en el ser y quehacer del abogado / 
264 4 |a México :  |b Oxford University,  |c 2002, c2002 
300 |a XI, 275 p. 
336 |a texto  |b txt  |2 rdacontenido 
337 |a sin mediación  |b n  |2 rdamedio 
338 |a volumen  |b nc  |2 rdasoporte 
649 |a XX 
910 |a Fondo Humberto García Bedoy S.J. 
920 |a Impresos - Libros 
930 |a Fondos Especiales 
905 |a 148 
901 |a 622999-10  |b IT2  |c ESP  |i D  |u 20251023 
902 |a https://opac.biblio.iteso.mx/vufind/Record/000622999